Paroles - S'il suffisait d'aimer - Céline Dion - Statistiques

Statistiques générales
  • Ce quiz a été pris 436 fois
  • Le résultat moyen est 177 sur 225
Statistiques - réponses
Réponse % Correct
Je
98%
je
98%
Si
98%
su
98%
d'aimer
97%
suffisait
97%
de
96%
Qu'on
96%
qu'on
96%
s'aime
96%
S'il
96%
s'il
96%
Et
94%
et
94%
mon
94%
Mon
94%
un
94%
rêve
93%
à
92%
ce
92%
le
91%
monde
90%
son
90%
me
89%
une
89%
Ma
88%
mes
88%
corps
87%
les
87%
Les
87%
visage
87%
au
86%
ferai
86%
j'avais
85%
qui
85%
décor
84%
éternité
84%
puis
84%
tout
84%
l'imagine
83%
des
82%
dire
82%
Comment
81%
comment
81%
lui
81%
ces
80%
l'on
80%
Mais
80%
pensées ?
80%
donner
79%
j'ai
79%
J'ai
79%
que
79%
aussi
78%
choses
78%
faire
78%
J'aurais
78%
pas
78%
tant
78%
chimères
77%
coeur
77%
dise
77%
fond
77%
parler
77%
âme
76%
autres
76%
habitant
76%
La
76%
peu
76%
dans
75%
Dans
75%
font
75%
n'est
75%
du
74%
fautes
73%
suffisant
73%
beau
71%
changeait
71%
rien
71%
lire
70%
en
68%
Moi
68%
réussit ?
68%
temps
68%
aimant
67%
qu'en
67%
décline
65%
est
65%
sang
65%
vie
65%
séché
63%
ont
62%
Nous
61%
pétale
61%
songes
60%
sous
60%
vent
59%
Quand
58%
d'autres
57%
j'offrirais
57%
sur
57%
tous
57%
fleurs
56%
jardin
56%
même
55%
ferions
54%
larmes
53%
fermant
51%
balcon
50%
île
49%
étanche
48%
nuages
48%
48%
coeurs
47%
d'enfant
47%
laissent
47%
rongent
47%
versées
47%
entrer
46%
malheurs
46%
nos
46%
cris
45%
portes
45%
aux
44%
pays
44%
battre
42%
j'entends
38%
paisible
37%
présagent
37%
peurs ?
36%
armes
33%
Quelles
33%
répondent
33%
foncent
26%
Aucun quiz correspondant
Distribution des résultats
% des personnes avec chaque résultat
Percentile par nombre de réponses
Votre historique - résultats
Vous n’avez pas pris ce quiz